| 000 | 00463nam a22001817a 4500 | ||
|---|---|---|---|
| 003 | CEME | ||
| 005 | 20210628205459.0 | ||
| 008 | 210305b xxu||||| |||| 00| 0 eng d | ||
| 020 | _a0-471-3-587-1 | ||
| 040 | _c. | ||
| 082 | _a573 VAN'C | ||
| 100 |
_aVanderlinde, Jack _975740 |
||
| 245 | _aClassical electromagnetic theory | ||
| 260 |
_aNEWYORK _bJOHN WILEY _c1993 |
||
| 300 | _a384P | ||
| 650 |
_aCLASSICAL ELECTROMAGNETIC THEORY _975741 |
||
| 942 |
_cBK _2ddc |
||
| 999 |
_c581134 _d581134 |
||